000 00840nam a22001817a 4500
999 _c3374
_d3331
008 190514b ||||| |||| 00| | eng d
020 _a9750806220
041 _atur
050 _aPL248.T36
100 _9608
_aTanpınar, Ahmet Hamdi
245 _aBütün Öyküleri : Abdullah Efendiʹnin Rüyaları, Yaz Yağmuru ve Kitaplarına Girmemiş Öyküler
250 _a2.Baskı
260 _aİstanbul:
_bYapı Kredi Yayınları
_cŞubat 2004
300 _a322 Sayfa
500 _aYapı Kredi Yayınları - 1865 Edebiyat - 518 1.Baskı: Ahmet Halit Kitabevi, 1943 2.Baskı: Nakışlar Kitabevi,1973 1.Baskı : Varlık Yayınları, 1955 2.Baskı: Büyük Kitaplık, 1972 1.-5. Baskı: Dergâh Yayınları, 1983-2002(Hikayeler adıyla) YKY'de 1.Baskı: İstanbul, Haziran 2003
650 0 _9145
_aTürk Edebiyatı
942 _2lcc
_cBK